Pharmacy a journal of pharmacy education and practice.

Detalles Bibliográficos
Formato: Electrónico Revista
Lenguaje:inglés
Publicado: Basel, Switzerland : MDPI AG, [2013]-
Materias:
Acceso en línea:Full text available from Research Library: 03/01/2013 to present

MARC

LEADER 00000nas a2200000 i 4500
001 ssj0000913855
003 WaSeSS
005 20200512172242.0
006 m d
007 cr n
008 131206c20139999sz qr p s 0 0eng c
010 |a  2014261026 
016 7 |a 101678532  |2 DNLM 
022 |a 2226-4787  |l 2226-4787 
035 |a (WaSeSS)ssj0000913855 
040 |a HNK  |b eng  |e pn  |c HNK  |d HNK  |d OCLCO  |d OCLCF  |d CNU  |d OCL  |d HNK  |d CUD  |d OCLCO  |d CUS  |d NLM  |d OCLCO  |d OCLCA  |d OCLCQ  |d OCLCA  |d WaSeSS 
042 |a pcc 
050 1 4 |a RS1  |b .P617 
060 0 0 |a W1 
130 0 |a Pharmacy (Basel, Switzerland) 
210 1 0 |a Pharmacy (Basel)  |2 dnlm 
222 0 |a Pharmacy  |b (Basel) 
245 1 0 |a Pharmacy  |h [electronic resource] :  |b a journal of pharmacy education and practice. 
246 1 |a Journal of pharmacy education and practice 
260 |a Basel, Switzerland :  |b MDPI AG,  |c [2013]- 
310 |a Quarterly 
362 1 |a Began with: Volume 1, issue 1 (September 2013). 
506 |a License restrictions may limit access. 
588 |a Description based on: Volume 1, issue 1 (September 2013); title from journal home page (publisher's Web site, viewed December 8, 2014). 
588 |a Latest issue consulted: Volume 5, issue 4 (September 2017) (viewed September 29, 2017). 
650 0 |a Pharmacy  |v Periodicals. 
650 0 |a Pharmacology  |v Periodicals. 
650 7 |a Pharmacology  |2 fast  |0 (OCoLC)fst01060259 
650 7 |a Pharmacy.  |2 fast  |0 (OCoLC)fst01060285 
650 1 2 |a Pharmacy. 
650 1 2 |a Education, Pharmacy. 
650 2 2 |a Pharmacology. 
655 0 |a Electronic journals. 
856 4 0 |z Full text available from Research Library: 03/01/2013 to present  |u https://search.proquest.com/publication/2032348